Capital of Serbian Okrugs (Districts) - Statistics

General Stats
  • This quiz has been taken 108 times
  • The average score is 18 of 24
Answer Stats
Region Okrug Capital % Correct
Southern and Eastern Serbia Bor Bor
95%
Southern and Eastern Serbia Nišava Niš
94%
Southern and Eastern Serbia Pirot Pirot
90%
Southern and Eastern Serbia Zaječar Zaječar
88%
Vojvodina South Bačka Novi Sad
86%
Vojvodina North Bačka Subotica
85%
Šumadija and Western Serbia Šumadija Kragujevac
83%
Šumadija and Western Serbia Raška Kraljevo
80%
Vojvodina West Bačka Sombor
78%
Šumadija and Western Serbia Kolubara Valjevo
78%
Southern and Eastern Serbia Jablanica Leskovac
77%
Southern and Eastern Serbia Pčinja Vranje
77%
Vojvodina Srem Sremska Mitrovica
75%
Šumadija and Western Serbia Zlatibor Užice
75%
Vojvodina Central Banat Zrenjanin
74%
Vojvodina South Banat Pančevo
73%
Southern and Eastern Serbia Podunavlje Smederevo
73%
Šumadija and Western Serbia Rasina Kruševac
72%
Šumadija and Western Serbia Mačva Šabac
70%
Šumadija and Western Serbia Moravica Čačak
68%
Šumadija and Western Serbia Pomoravlje Jagodina
65%
Vojvodina North Banat Kikinda
65%
Southern and Eastern Serbia Braničevo Požarevac
63%
Southern and Eastern Serbia Toplica Prokuplje
52%
No matching quizzes found
Score Distribution
Percent of People with Each Score
Percentile by Number Answered
Your Score History
You have not taken this quiz